Statistics for European Geography by Letter - W

Click here to take the quiz!

General Stats

  • This quiz has been taken 73,147 times
    (57,301 since last reset)
  • The average score is 11 of 18

Answer Stats

HintAnswer% Correct
Capital of PolandWarsaw
99%
Cardiff is its capitalWales
95%
Vienna, in GermanWien
87%
Where British royals are married,
crowned, and buried
{Westminster}
Abbey
86%
Tennis championship localeWimbledon
83%
Belgian town near where Napoleon
met his final defeat
Waterloo
81%
England's largest stadiumWembley
79%
Food that Belgium is known forWaffles
70%
English county; Namesake of a
Lea & Perrins sauce
Worcestershire
70%
Royal residence in Berkshire county{Windsor} Castle
56%
German city that gave its name to
the republic of 1919–1933
Weimar
55%
English city where wolves play footballWolverhampton
55%
French-speaking part of BelgiumWallonia
49%
Irish city known for crystalWaterford
42%
Most populous German stateNorth Rhine-
{Westphalia}
40%
Question-asking river on the border
of England and Wales
River Wye
33%
4th largest city in PolandWrocław
28%
Romanian region once ruled by
Vlad the Impaler
Wallachia
27%

Score Distribution

Percentile by Number Answered

Percent of People with Each Score

Your Score History

You have not taken this quiz since the last reset